Top 25 Most Streamed Ariana Grande Songs on Spotify - Statistics

General Stats
  • This quiz has been taken 28 times
  • The average score is 17 of 25
Answer Stats
Hint Answer % Correct
2,806,236,587 7 rings
95%
2,221,449,003 thank u, next
95%
1,967,918,562 Into You
86%
2,074,292,870 One Last Time
86%
1,730,389,952 positions
86%
1,590,270,472 Dangerous Woman
82%
2,201,516,937 Save Your Tears (Remix)
82%
1,690,512,637 Bang Bang
77%
1,272,008,940 God is a woman
73%
1,568,830,791 no tears left to cry
73%
1,119,867,752 Problem
73%
1,872,923,227 Side To Side
73%
746,134,463 yes, and?
73%
1,174,930,298 34+35
64%
1,217,151,873 Break Free
64%
1,130,640,296 break up with your girlfriend, i'm bored
64%
1,298,859,870 Die For You (Remix)
59%
1,073,818,028 boyfriend
55%
716,982,825 breathin
55%
1,386,380,846 Love Me Harder
55%
1,428,972,272 Stuck with U
55%
1,933,682,850 we can't be friends (wait for your love)
55%
1,236,212,877 Rain On Me
50%
1,516,186,467 Santa Tell Me
50%
763,303,352 Everyday
36%
No matching quizzes found
Score Distribution
Percent of People with Each Score
Percentile by Number Answered
Your Score History
You have not taken this quiz